ՀՀ Գիտությունների ազգային ակադեմիայի հիմնարար գիտական գրադարան  =   Fundamental Scientific Library of NAS RA

Guide to the literature of botany; (Record no. 121607)

MARC details
000 -LEADER
fixed length control field 00707nam a2200193 4500
001 - CONTROL NUMBER
control field 000325876
003 - CONTROL NUMBER IDENTIFIER
control field AM-YeHGA
005 - DATE AND TIME OF LATEST TRANSACTION
control field 20250617130641.0
008 - FIXED-LENGTH DATA ELEMENTS--GENERAL INFORMATION
fixed length control field 830601r19641881nyu||||||b||||000|0|eng|d
040 ## - CATALOGING SOURCE
Original cataloging agency AM-YeHGA
041 0# - LANGUAGE CODE
Language code of text/sound track or separate title eng
090 ## - LOCALLY ASSIGNED LC-TYPE CALL NUMBER (OCLC); LOCAL CALL NUMBER (RLIN)
-- 122960
100 1# - MAIN ENTRY--PERSONAL NAME
Personal name Jackson, Benjamin Daydon,
Dates associated with a name 1846-1927.
245 10 - TITLE STATEMENT
Title Guide to the literature of botany;
Remainder of title being a classified selection of botanical works, including nearly 6000 titles not given in Pritzel's "Thesaurus.".
260 ## - PUBLICATION, DISTRIBUTION, ETC.
Place of publication, distribution, etc. New York :
Name of publisher, distributor, etc. Hafner Pub. Co.,
Date of publication, distribution, etc. 1964.
300 ## - PHYSICAL DESCRIPTION
Extent xl, 626 p.
Dimensions 24 cm.
500 ## - GENERAL NOTE
General note "Originally published in 1881 ... Reprinted under license from the Linnean Society of London."
650 #0 - SUBJECT ADDED ENTRY--TOPICAL TERM
Topical term or geographic name entry element Botany
General subdivision Bibliography.
Holdings
Withdrawn status Lost status Damaged status Not for loan Collection Home library Current library Date acquired Total checkouts Full call number Barcode Date last seen Price effective from Koha item type Public note
        General Fundamental Scientific Library Fundamental Scientific Library 22/12/2016   016:58 320056479 22/12/2016 22/12/2016 Գրքեր / Books 30 Days Loan


ՀՀ ԳԱԱ հիմնարար գիտական գրադարան
ՀՀ,Երևան 0019
Մարշալ Բաղրամյան 24/6
հեռախոս:(374-10) 52-47-50
Հետադարձ կապ

All site content, except where otherwise noted, is licensed under a
Creative Commons License